000 00550nam a2200205Ia 4500
003 GCL
008 140319s9999 xx 000 0 eng d
040 _aGCL /
_cGCL
082 0 4 _a720.92
_bE L
100 1 _aALIA, MARIO MANIERI
245 1 0 _aLOUIS HENRY SULLIVAN /
_cALIA, MARIO MANIERI
260 _a[S.N] :
_bPRINCENTON ARCHITECULTURAL PRESS ،
_c1996
300 _a186 P
650 0 4 _aOFFICE BUILDING
650 0 4 _aAMERICAN ARCHITECTURE
650 0 4 _aARCHITECTURE
650 0 4 _aARCHITECTS
650 0 4 _aBANKS BUILDINGS
942 _2ddc
_cBK
999 _c13348
_d13348